[Event "Olympiad-39"]
[Site "Khanty-Mansiysk"]
[Date "2010.09.28"]
[Round "7.4"]
[White "Karjakin, Sergey"]
[Black "Tomashevsky, Evgeny"]
[Result "1-0"]
[WhiteElo "2747"]
[BlackElo "2701"]
[Annotator "Karjakin,S"]
[PlyCount "65"]
[EventDate "2010.09.21"]
[EventType "team-swiss"]
[EventRounds "11"]
[EventCountry "RUS"]
[SourceTitle "CBM 139"]
[Source "ChessBase"]
[SourceDate "2010.11.18"]
[SourceVersion "1"]
[SourceVersionDate "2010.11.18"]
[SourceQuality "1"]
[WhiteTeam "Russia"]
[BlackTeam "Russia II"]
[WhiteTeamCountry "RUS"]
[BlackTeamCountry "RUS"]

1. e4 e5 2. Nf3 Nc6 3. Bb5 a6 4. Ba4 Nf6 5. O-O Be7 6. Re1 b5 7. Bb3 d6 8. c3
O-O 9. h3 Nb8 {The Breyer line which Evgeny has been playing regularly
recently.} 10. d4 Nbd7 11. Nbd2 Bb7 12. Bc2 Re8 13. a4 {A more experienced and
much stronger player than me explained to me, that he has known since he was 7
years old, that if Black allows him to transfer the knight to g3, White has to
make use of that chance and play 13.Nf1.} Bf8 14. Bd3 c6 15. b3 {Against
Navara in the World Cup I played 15.b4. 15.b3 is more solid, White is playing
for a long manoeuvring game.} Qc7 {More popular is 15...g6, but as the
position is closed, without clear plan in sight almost any move is possible.}
16. Bb2 Rac8 17. axb5 $5 {After the rook came to c8 it looked logical to me.
As White wants to put his queen on c2 I thought that later Black probably will
take with the c-pawn...} cxb5 $5 {Anyway! This move surprised me.} ({I was
expecting} 17... axb5 18. Qc2 {with manoeuvring play, typical for this line.})
18. c4 {A concrete move with the idea to open the centre.} ({It looked logical
to play} 18. d5 {but after} Nh5 19. g3 (19. Bf1 g6) 19... g6 {it is hard to
make progress, as after c4 Black always has b4. The game is complicated.})
18... exd4 $6 {Black clearly wants to play safer, but after this he has to
defend very accurately!} ({Stronger was} 18... b4 19. c5 $1 d5 $1 ({After} 
19... exd4 20. cxd6 Qxd6 21. Bxd4 {White keeps an initiative. For example:} Ne5
$6 ({Better is} 21... Rcd8) 22. Bxa6 $1 Nxf3+ 23. Nxf3 Bxa6 24. e5 $36) 20.
exd5 Nxd5 21. Ng5 h6 22. Bh7+ (22. Nxf7 Kxf7 23. Qh5+ Kg8 24. Qf5 e4 25. Nxe4
N5f6 {and Black holds}) 22... Kh8 23. Bf5 Kg8 {the postion looks dangerous for
Black, but probably his defensive resources are enough to keep the balance.})
19. cxb5 $14 {Now due to the passed b-pawn White is slightly better.} Nc5 20.
Bf1 axb5 21. Bxb5 Re7 22. Nxd4 ({White is also better after} 22. b4 Ncxe4 23.
Nxe4 Nxe4 24. Qxd4 $14) 22... Nfxe4 23. Nxe4 Rxe4 $2 ({After} 23... Nxe4 $1 24.
Rc1 Qb6 25. Rxc8 Bxc8 26. Bc6 Bb7 27. Bxb7 Qxb7 {with accurate play Black
should hold.}) 24. b4 $16 {Now Black has problems with his knight...} Qb6 $2 {
A logical continuation after 23...Rxe4, but White has a forced refutation!} ({
Black should have preferred} 24... Ne6 {but even here, after} 25. Rxe4 ({
Also good is the simple} 25. Bf1) 25... Bxe4 26. Nxe6 fxe6 27. Rc1 Qb7 28. Rxc8
Qxc8 29. Bf1 $16 {White has a clear advantage due to the passed pawn.}) (24...
Rxe1+ 25. Qxe1 Ne4 26. Rc1 Qb8 27. Rxc8 Qxc8 28. f3 Nf6 29. Bd3 $16 {is also
not inspiring for Black.}) 25. bxc5 $1 dxc5 ({Black was hoping for} 25... Rxe1+
26. Qxe1 dxc5 {, but here White wins by} 27. Nf5 $1 Qxb5 28. Nh6+ $1 gxh6 (
28... Kh8 29. Nxf7+ Kg8 30. Qe6 $18) 29. Qe5 Qxb2 30. Qxb2 Be4 31. Re1 Bg6 32.
Qb7 Rd8 33. Qc7 Ra8 34. Qd7 {following with f4 and White should be winning.})
26. Rxe4 Bxe4 27. Qg4 Qb7 28. Nf5 ({It also wins, but there was the stronger} 
28. Ne6 $1 Qxb5 29. Bxg7 Bf5 30. Qxf5 Qd7 31. Bxf8 fxe6 32. Qg4+ Kxf8 33. Ra3 {
winning!}) 28... Bxf5 ({More stubbon was} 28... g6 {after which the strongest
is} 29. Ra7 $1 (29. Qg5 $6 Qxb5 30. Qf6 Qxb2 31. Ne7+ Bxe7 32. Qxb2 Bf8 {
is not convincing}) ({but also strong is} 29. Qe2 Rb8 (29... Bxf5 30. g4 $1 $18
) 30. Be5 Bxf5 31. Bxb8 Qxb8 32. Bc4 $18) 29... Qxb5 (29... Qxa7 30. Qxe4 c4
31. Bxc4 $18) 30. Nh6+ Bxh6 31. Qxc8+ Bf8 32. Be5 {winning.}) 29. Qxf5 Qxb5 30.
Bxg7 $1 {This move required calculations! White has a winning attack!} ({
But not} 30. Qxc8 $2 Qxb2 {and it will be very hard to win it.}) 30... Rb8 ({
Also lost is} 30... Re8 31. Bf6 h6 32. Ra3 Re1+ 33. Kh2 Bd6+ 34. f4 Rh1+ 35.
Kg3 Qe2 36. Kh4 $18) ({But in the practical game there was the more stubbon} 
30... Qe8 31. Bf6 h6 {and here I spent some time finding} 32. Qg4+ ({but not} 
32. Ra3 $2 Qe1+ 33. Kh2 Bd6+ 34. f4 (34. g3 Qe6 {and Black is still in the
fight.}) 34... Qe6 35. Rg3+ Kf8 36. Bg7+ Ke7 37. Re3 Qxe3 38. Bf6+ Kf8 39.
Qxc8+ Qe8 40. Bg7+ Ke7 {and it is still far from winning...}) 32... Kh7 33. Ra7
$1 $18 {with the invintable threat Re7!}) 31. Bc3 Qb6 32. Qg5+ Qg6 33. Qe5 {
Now White wins an exchange, but, already missing his g7-pawn, Black resigned!}
1-0

[Event "Match/Team URS-World 20,5-19,5"]
[Site "Belgrade"]
[Date "1970.03.29"]
[Round "1.3"]
[White "Kortschnoj, Viktor Lvovich"]
[Black "Portisch, Lajos"]
[Result "1/2-1/2"]
[WhiteElo "2670"]
[BlackElo "2630"]
[Annotator "Kortchnoi/Portisch"]
[PlyCount "135"]
[EventDate "1970.03.29"]
[EventType "team"]
[EventRounds "4"]
[EventCountry "YUG"]
[SourceTitle "MCL"]
[Source "ChessBase"]
[SourceDate "1999.07.01"]
[SourceVersion "1"]
[SourceVersionDate "1999.07.01"]
[SourceQuality "1"]
[WhiteTeam "Soviet Union"]
[BlackTeam "World"]
[WhiteTeamCountry "URS"]
[TimeControl "40/9000:16/5400:0"]

1. e4 e5 2. Nf3 Nc6 3. Bb5 a6 4. Ba4 Nf6 5. O-O Be7 6. Re1 b5 7. Bb3 d6 8. c3
O-O 9. h3 Nb8 10. d4 Nbd7 11. Nbd2 Bb7 12. Bc2 Re8 13. b3 (13. Nf1 d5 14. exd5
exd4 15. Nxd4 Nxd5 16. Nf5 Bf6 {Kortschnoj=:K}) 13... Bf8 14. Bb2 (14. d5 {K})
14... g6 15. a4 Bg7 16. Bd3 c6 (16... Bc6 17. d5 Nc5 18. Bf1 Bd7 19. Ba3 {K}) (
16... d5 17. axb5 $13 {Portisch=:P}) (16... bxa4 $6 17. Rxa4 d5 18. dxe5 $1 Nc5
19. Rd4 Nfd7 20. b4 $1 Ne6 21. Rxd5 Bxd5 22. exd5 Nf4 23. Nc4 $1 $16 {P}) 17.
Qc2 (17. Rb1 Qb6 (17... Nh5 $5) 18. b4 Nh5 19. Nb3 Rad8 20. Bc1 Qc7 21. Bg5 Rb8
22. Qc2 $16 {Ljubojevic,L-Smejkal,J/Reggio/1985/}) 17... Rc8 $146 (17... Qb6
18. b4 exd4 19. cxd4 c5 20. bxc5 dxc5 21. axb5 axb5 22. dxc5 Nxc5 23. Rxa8 Bxa8
24. Bd4 Nfd7 25. Bxg7 Kxg7 26. Qb2+ Qf6 27. Qxb5 Qc3 28. Bf1 Rb8 29. Qc4 Qxc4
30. Bxc4 Re8 31. e5 Bc6 32. Kh2 Re7 33. Kg3 Bb7 34. Bb5 f6 35. exf6+ Kxf6 36.
Rc1 Ne4+ 37. Nxe4+ Bxe4 38. Bc6 Nf8 39. Bxe4 Rxe4 40. Rc7 Re7 41. Rxe7 Kxe7 42.
Nd4 Kf6 43. Kf4 Nd7 44. h4 Ne5 45. Ke4 h5 46. f3 Nf7 47. Nb5 {Byrne,R-Padevsky,
N Monte Carlo 1968 1/2-1/2 (62)}) 18. dxe5 $2 {K} (18. b4 {! /\ 19.de de 20.c4
K / ?! P} exd4 19. cxd4 c5 $1 20. axb5 c4 $17) (18. Bf1 $5 {Portisch}) (18.
Rad1 $5 Qb6 19. Qb1 Nh5 20. Bf1 $14 {Matanovic,A-Ivkov, B/Belgrade m/1978/1-0/}
) 18... dxe5 19. b4 (19. Ba3 Qb6 {/\ 20... c5 K}) (19. c4 Bf8 $1 $15 {P}) 19...
Bf8 $1 {P} 20. Red1 Qb6 21. Qb3 c5 $1 {P} 22. axb5 (22. Ng5 Re7 $1 (22... c4
23. Nxc4 bxc4 24. Bxc4 $44) 23. axb5 axb5 24. bxc5 Nxc5 25. Qxb5 Qxb5 26. Bxb5
h6 $17 {P}) 22... axb5 23. bxc5 Bxc5 24. Qxb5 $6 {P} (24. Rf1 Bc6 $17 {>< e4 P/
/\ Nh5 K}) 24... Bxf2+ 25. Kf1 Re7 (25... Qe3 26. Nc4 Rxc4 27. Bc1 $1 {K/P})
26. Qxb6 Bxb6 27. Ba6 $1 {P} Bxa6+ 28. Rxa6 Be3 $1 {P} (28... Nh5 {K}) 29. Ke2
Bc5 30. g4 $6 {P} Rb8 31. Ra2 $2 {K} (31. Ba1 {K}) 31... Nf8 32. c4 N6d7 33.
Kf1 (33. g5 Ne6 34. h4 Nf4+ 35. Kf1 Nd3 36. Ba1 Rf8 $1 {37... f6 K}) 33... f6
34. Nb1 Nb6 $1 {K} 35. Nfd2 Rd7 36. Rc1 Ne6 37. Ba3 Rd3 (37... Rbd8 $5 {P}) 38.
Rc3 Rbd8 39. Bxc5 Nxc5 40. Rxd3 Rxd3 41. Ra5 $1 {P} (41. Ra3 Rd4 42. Rc3 Nc8 $1
{/\ Nd6 P}) 41... Nbd7 42. Ra3 (42. Kg2 Re3 43. Ra7 Nf8 44. Ra3 Nd3 45. c5 Re2+
46. Kf3 Nf4 47. c6 N8e6 $19 {K}) 42... Rd4 43. Re3 (43. Ra7 Nb6 $1 (43... Nf8
44. Ra8 Nxe4 45. Nxe4 Rxe4 46. Nd2 $44 {c-o^}) 44. Rc7 Nxc4 45. Nxc4 $1 (45.
Rxc5 Nxd2+ 46. Nxd2 Rxd2 47. g5 fxg5 $1 $19) 45... Rxc4 46. Na3 $1 Rc1+ $1 (
46... Ra4 $2 47. Rxc5 Rxa3 48. Kg2 $10) 47. Kg2 Nd3 48. Rxc1 Nxc1 $16 {P})
43... Nb6 44. Ke2 Nxc4 45. Nxc4 Rxc4 46. Nc3 Kg7 (46... Kf7 $142 {P}) 47. Kf3
Ne6 48. h4 Nd4+ 49. Kf2 Rb4 50. Nd1 $6 {P} (50. Nd5 $1 Rb2+ 51. Kg3 {P}) 50...
Ra4 51. Kg3 $2 {K} (51. Kg2 {/\ Nf2 K}) 51... h5 52. Nf2 (52. gxh5 f5 $1 {K/P})
52... Ra2 $1 {P} (52... hxg4 53. Kxg4 $1 {P} (53. Nxg4 $2 Nf5+ $1 54. exf5 gxf5
$18)) 53. g5 $2 {K} (53. gxh5 f5 54. Kg2 {K}) 53... fxg5 54. hxg5 h4+ 55. Kg2
Ne6 56. Kf3 Nxg5+ 57. Kg4 Nf7 $4 {K/ ? P} (57... Kf6 $1 {K/P} 58. Nh3 (58. Nd3
h3 $19) 58... Rg2+ 59. Kxh4 Rh2 $19 {P}) (57... Rxf2 58. Kxg5 h3 59. Rxh3 Rg2+
60. Kh4 Re2 61. Kg5 Rxe4 62. Ra3 Rf4 $18 {P}) 58. Rf3 g5 59. Kh5 Ra8 $2 {
K/ ?? P} (59... Re2 $1 {K} 60. Rf5 (60. Nh3 Rg2 61. Nf2 Rg3 62. Rxg3 hxg3 63.
Nh3 g2 64. Kg4 Kf6 65. Kf3 Nd6 $18) 60... Re3 $1 $18 {P}) 60. Rb3 $1 {P} Rh8+
61. Kg4 Rh6 62. Nh3 $1 {K} Rf6 63. Rb8 $1 {K} Rd6 (63... Kg6 64. Rg8+ {P}) 64.
Kh5 Rh6+ (64... Rg6 65. Rg8+ (65. Kg4 Nh6+ 66. Kh5 g4 67. Ng5 $1 $10 {P}) 65...
Kxg8 66. Kxg6 $10 {P/K}) 65. Kg4 Rd6 66. Kh5 Kf6 67. Rb2 Kg7 68. Rb8 1/2-1/2

[Event "Olympiad Women-39"]
[Site "Khanty-Mansiysk"]
[Date "2010.09.25"]
[Round "5.2"]
[White "Hou, Yifan"]
[Black "Kosintseva, Tatiana"]
[Result "1/2-1/2"]
[WhiteElo "2578"]
[BlackElo "2573"]
[Annotator "Kosintseva,T"]
[PlyCount "94"]
[EventDate "2010.09.21"]
[EventType "team-swiss"]
[EventRounds "11"]
[EventCountry "RUS"]
[SourceTitle "CBM 139"]
[Source "ChessBase"]
[SourceDate "2010.11.18"]
[SourceVersion "1"]
[SourceVersionDate "2010.11.18"]
[SourceQuality "1"]
[WhiteTeam "China (W)"]
[BlackTeam "Russia (W)"]
[WhiteTeamCountry "CHN"]
[BlackTeamCountry "RUS"]

{The draw worked out so that in rounds 4, 5 and 6, we had to meet our main
rivals for the medals, Georgia, China and Ukraine respectively. If the match
with Georgia went quietly and well for us from the start, the China match
caused us all great anxiety. The tension and emotion was exceptional... I had
to play against Hou Yifan, already our fourth game this year, the three
previous meetings being in the Grand Prix and so the battle was always going
to be principled and interesting. Jumping ahead, I can say that the game was a
nervy one for both players, with mutual errors.} 1. e4 e5 2. Nf3 Nc6 3. Bb5 a6
4. Ba4 Nf6 5. O-O Be7 6. Re1 b5 7. Bb3 d6 8. c3 O-O 9. h3 Nb8 {We have the
Breyer Variationh, which has been quite popular in recent times, and which I
quite often play.} 10. d4 Nbd7 11. c4 {An old continuation, rare;y seen in our
day. White's idea is immediately to create pressure in the centre, without
spending time on preparatory moves, at the same time forcing Black to change
the pawn structure.} c6 12. a3 {A multi-plan move: White prepares to develop
the knight to c3, and in advance frees the important square a2 for the bishop
on b3, should it become necessary.} ({The principled variation arises after} 
12. c5 Qc7 13. cxd6 Bxd6 14. Bg5 exd4 15. Bxf6 gxf6 16. Nxd4 Nc5 {with unclear
play.}) 12... Qc7 $2 {In this instance, routine development soon brings Black
problems, since he gradually runs out of natural developing moves, whilst
White, in view of his space advantage and ideally placed pieces (after Nc3,
Bg5, Rc1) has a simple and clear game.} ({Therefore a more logical answer to
White's plan was immediate action in the centre:} 12... bxc4 13. Bxc4 Nxe4 14.
dxe5 (14. Rxe4 d5 15. Re1 dxc4 16. Qe2 Re8 17. Nbd2 exd4 18. Nxd4 Bb7 19. Nxc4
Bf6 20. Qxe8+ Qxe8 21. Rxe8+ Rxe8 22. Be3 c5 23. Nf5 (23. Nb3 Bd5 24. Nba5 Ne5
{1/2-1/2 Huebner,R (2590)-Lengyel,L (2490)/Wijk aan Zee 1971}) 23... Bd5 24.
Ncd6 Rb8 25. Rd1 Be6 {1/2-1/2 Penrose,J-Unzicker,W/Luzern 1963}) 14... d5 15.
Ba2 Qb6 16. Qc2 Bc5 17. Be3 {with complicated play Jimenez Zerquera,E-Robatsch,
K/Havana 1964}) 13. Nc3 Bb7 14. Bg5 h6 15. Bh4 Rfe8 16. Ba2 {Preparing the
possibility of Qb3 with an unpleasant x-ray against the weakened pawn on f7,
as well as the advance b2-b4.} ({Also interesting was} 16. Rc1 $5 {underlining
the unfortunate position of the queen and preventing the exchanging plan exd4
Nxd4 bxc4 Bxc4 d5, for example.} Qd8 ({but} 16... Qb6 $2 {is bad because of}
17. c5) (16... Rac8 $5) 17. cxb5 axb5 18. Bxf6 Bxf6 19. d5 $36) 16... bxc4 $2 {
Seeing White's simple plan of increasing the pressure by Rc1, b4, Qb3, I did
not want to wait any longer, since it seemed to me that another couple of
quiet moves on my part would only worsen the situation, such as, for example,
after the natural 16...Rad8... Therefore I decided to adopt active measures in
the centre, but I miscalculated.} ({The central operation should have been
started by} 16... exd4 $5 17. Nxd4 (17. Qxd4 Ne5) 17... bxc4 18. Nf5 $5 (18.
Bxc4 d5 19. exd5 (19. Ba2 Nxe4 20. Bxe7 Rxe7 21. Nxe4 Rae8) 19... cxd5 20. Bb3
Bd6 21. Qf3 Rab8 $13) 18... Bf8 19. Bxc4 d5 (19... g6 20. Ne3) 20. Bg3 Qb6 21.
Ba2 {with an initiative for White.}) (16... Rad8 $6 17. Rc1 (17. Qb3 exd4 18.
Nxd4 Nc5 19. Qc2 bxc4 20. Bxc4 d5 21. exd5 cxd5 22. Ba2 Nce4 23. Nf5 $36) 17...
Qb6 18. Qb3 (18. b4 Qa7 19. d5) 18... exd4 (18... bxc4 19. Qxb6 Nxb6 20. dxe5
dxe5 21. Nxe5) 19. c5 dxc5 20. Qxf7+ Kh8 21. e5 (21. Ne2) 21... Ng8 22. Re4 Rf8
23. Qg6 Rxf3 24. Rg4 Bf8 25. Bxg8 Kxg8 26. gxf3 $16) 17. Bxc4 $6 {An
inaccuracy, which allows Black to preserve a more elastic pawn structure than
after 17.dxe5:} (17. dxe5 Nxe5 18. Nxe5 dxe5 19. Bxc4 {leads to a lasting
advantage for White, because of the better pawn structure.}) 17... d5 $2 {
Continuing with the mistaken calculation begun at move 16...} ({Black should
prefer} 17... exd4 18. Qxd4 (18. Nxd4 d5 {transposes to 16...exd4}) 18... c5
19. Qd2 Nb6 20. Ba2 Rad8 21. Bg3 Bf8 $14) 18. dxe5 Nxe4 (18... dxc4 19. exf6
Nxf6 20. Qe2 $16) (18... Nxe5 19. Nxe5 Qxe5 20. exd5 Qf4 21. Qa4 $16) 19. Nxe4
({Interesting play arises after} 19. Rxe4 $5 Bxh4 (19... dxe4 20. Bxf7+ Kxf7
21. e6+ Kg8 22. exd7 Red8 23. Bg3 Qxd7 24. Qb3+ Kh7 25. Ne5 Qc8 26. Qf7 $18)
20. Rxh4 dxc4 21. Qd6 Rac8 22. Rd1 Nxe5 23. Nxe5 Rxe5 24. Qxc7 Rxc7 25. Rxc4
$16 {with a difficult endgame for Black.}) 19... Bxh4 20. Nd6 $6 {It is very
tempting to grab the exchange, but it turns out that Black gets good
compensation. The alternative was the less obvious 20.Nh4 Ne5 21.Nf6, going
over to an attack on the king, where the resulting complications would favour
White.} (20. Nxh4 $5 Nxe5 21. Nf6+ $1 gxf6 22. Qh5 dxc4 (22... Nxc4 23. Qg4+
Kh8 (23... Kh7 24. Nf5 Rg8 25. Qh5 Rg6 26. Re7 $18) (23... Kf8 24. Nf5 Re5 25.
Qg7+ Ke8 26. f4 Re4 27. Rxe4+ dxe4 28. Rd1 $18) 24. Nf5 Rg8 25. Qh4 $1 Rg6 26.
Re7 Qd8 27. Nxh6 $18) 23. Nf5 Bc8 24. Rxe5 Bxf5 25. Rxf5 Re5 26. Qg4+ Kf8 27.
Rxf6 Rae8 28. Rf1 R8e6 29. Rxe6 Rxe6 30. Qxc4 $16) 20... Rxe5 {Black has to
surrender material, since after} (20... Re6 21. Nxh4 dxc4 22. f4 {quick
destruction follows.}) 21. Nxe5 Qxd6 $6 {A loss of time, allowing White to
achieve an optimal coordination of his pieces.} ({More accurate was} 21... Nxe5
22. Rxe5 (22. Nf5 Bf6 23. Bf1 c5) 22... Qxd6 {winning a valuable tempo for the
stabilisation of his pieces, for example} 23. Re2 c5 24. Bd3 Bf6 25. Rb1 Rc8
26. b3 g6 27. Qc2 Kg7 28. Rd1 (28. Rbe1 c4) 28... Bd4 $44) 22. Nxd7 Qxd7 23.
Be2 {White's idea is to put the bishop on f3, holding up the advance of the c-
and d-pawns.} ({More vigorous was} 23. Bd3 $5 {with a view to setting up the
unpleasant battery Bb1 and Qd3.} c5 24. Rc1 (24. b4 c4 25. Bxc4 Qf5 26. Qd4 Qf6
27. Qxf6 Bxf6) 24... Be7 25. h4 $1 (25. Bf5 Qc7) (25. Bb1 g6 26. h4 h5) 25...
Bd6 26. Bb1 {and Black faces a difficult defence.}) 23... Be7 {Calculating
that the set-up c5, Bf6-d4 does not work, because of the advance b2-b4, after
which the bishop would be hanging, I decided to put the bishop on f8, from
where it would support the pawn on c5. However, this plan is too slow.} (23...
c5 $5 24. Rc1 Qc6 25. b3 Bg5 26. Rc2 Rd8 27. Bf3) 24. Bg4 {An unnecessary move.
From this point on, White began to play quite quickly, follwoing the plan of
occupying the e-file and forcing exchanges.} ({Again, the most resolute
decision was} 24. Qb3 $5 a5 (24... c5 25. Qb6 Bd6 26. Rad1) 25. Qb6 Bd8 26. Bg4
Bxb6 27. Bxd7 $16) 24... Qc7 25. Re2 Bf8 26. Qe1 $6 {Continuing with the plan.}
(26. Qc2 $5 c5 27. Rd1 Rd8 28. Bf3) 26... Qd8 (26... c5 27. Re8 Rxe8 28. Qxe8
d4 29. Rc1 $14) 27. Rc1 a5 28. Rc3 $2 {This is a serious mistake, exacerbating
the consequences of the previous unnecessary moves. White blindly follows the
plan of taking over the e-file, without taking account of Black's counterplay.
It transpires that, instead of taking concrete decisions on her previous moves,
after which Black would have faced a difficult defence, White has been running
on the spot, allowing Black to obtain real compensation.} ({The cautious} 28.
Qd2 a4 (28... c5 29. Bf3) 29. Rce1 Ba6 30. Re3 {retained White's advantage.})
28... d4 29. Rb3 Ba6 30. Rd2 c5 31. Bf3 Ra7 32. Re3 Bb5 {Black has made clear
progress - she has advanced her pawns and restricted the mobility of the white
rooks, and at the same time greatly activated the bishop on b5.} 33. Re5 Qf6 ({
Better was} 33... Bd6 34. Re4 Qf6) 34. Bd5 $2 {White has still not sensed the
danger, although the position has changed sharply...} (34. Rxd4 cxd4 35. Rxb5
a4 36. Qd2 g6 $11) (34. b4 axb4 35. axb4 Bd6 $11) 34... Bd6 35. Re4 Qf5 36. Bb3
Bc6 37. Re8+ {Necessary, since the two black bishops and the queen are already
taking aim at the white king.} (37. Ree2 $2 Qf4 {loses}) 37... Bxe8 38. Qxe8+
Bf8 39. Re2 Qd7 $2 {The sharply changed situation, accompanied by serious
time-trouble, prevents Black reacting to the new circumstances, where it is
now Black who has the advantage.} ({After} 39... d3 40. Re5 Qf6 (40... Qf4 41.
g3) 41. Qb8 Re7 42. Rxe7 Qxe7 43. Qf4 Qd7 {White would face a long and
difficult defence.}) 40. Bc4 Qxe8 41. Rxe8 {In this case, Black's extra pawn
is balanced by White's active rook and also the presence of opposite-coloured
bishops. Therefore the game ends peacefully after a few more moves.} g6 (41...
a4 42. Rb8 g6 43. Kf1 Kg7 44. Ke2 Bd6 45. Rb6 $11) 42. a4 Kg7 43. Kf1 Bd6 44.
Ke2 Re7+ 45. Rxe7 Bxe7 46. g3 h5 47. f4 h4 1/2-1/2